Vplyv korporátnych daní na podniky

Daň z príjmu podnikateľských subjektov. Vývoj príjmov do štátneho rozpočtu z korporátnych daní vo vybraných krajinách EÚ (2003-2015). Malé a stredné podniky versus veľké korporácie. Rozdielne daňové sadzby v krajinách. Efektívna priemerná sadzba dane v jednotlivých oblastiach ekonomiky (Vyšehradská...

Ausführliche Beschreibung

Gespeichert in:
Bibliographische Detailangaben
1. Verfasser: Puliková, Veronika
Format: Buchkapitel
Sprache:Slowakisch
Schlagworte:
Tags: Tag hinzufügen
Keine Tags, Fügen Sie das erste Tag hinzu!

MARC

LEADER 00000naa$a2200000$$$4500
001 0249600
005 20181217111105.6
041 0 |a slo 
044 |a PL 
245 1 0 |a Vplyv korporátnych daní na podniky  |c Veronika Puliková 
520 |a Daň z príjmu podnikateľských subjektov. Vývoj príjmov do štátneho rozpočtu z korporátnych daní vo vybraných krajinách EÚ (2003-2015). Malé a stredné podniky versus veľké korporácie. Rozdielne daňové sadzby v krajinách. Efektívna priemerná sadzba dane v jednotlivých oblastiach ekonomiky (Vyšehradská štvorka, EU 28). 
610 2 0 |a dane z príjmov 
610 2 0 |a dane korporatívne 
610 2 0 |a sadzby daňové 
610 2 0 |a firmy 
610 2 0 |a porovnanie medzinárodné 
100 1 |a Puliková, Veronika